Cellular materials in nature and medicine / (رقم التسجيلة. 22245)
[ عرض عادي ]
| 000 -الفاتح | |
|---|---|
| حقل البيانات ثابتة الطول | 02966cam a22004334a 4500 |
| 001 - رقم الضبط | |
| رقم الضبط | 16311537 |
| 003 - محدد رقم الضبط | |
| رقم الضبط | OSt |
| 005 - وقت وتاريخ اخر تعامل مع التسجيلة | |
| رقم الضبط | 20150408114024.0 |
| 008 - عناصر البيانات ثابتة الطول - معلومات عامة | |
| حقل البيانات ثابتة الطول | 100625s2010 enkaf b 001 0 eng |
| 010 ## - رقم ضبط مكتبة الكونجرس | |
| رقم ضبط مكتبة الكونجرس | 2010027380 |
| 015 ## - رقم الببليوجرافية الوطنية | |
| رقم الببليوجرافية الوطنية | GBB067275 |
| المصدر | bnb |
| 016 7# - رقم ضبط الوكاله الوطنية للضبط الببليوجرافي | |
| رقم ضبط التسجيلة | 101534343 |
| المصدر | DNLM |
| 016 7# - رقم ضبط الوكاله الوطنية للضبط الببليوجرافي | |
| رقم ضبط التسجيلة | 015566359 |
| المصدر | Uk |
| 020 ## - الرقم الدولى المعيارى للكتب | |
| الرقم الدولى المعيارى للكتاب | 9780521195447 (hardback) |
| 020 ## - الرقم الدولى المعيارى للكتب | |
| الرقم الدولى المعيارى للكتاب | 0521195446 (hardback) |
| 035 ## - رقم ضبط النظام | |
| رقم ضبط النظام | (OCoLC)ocn607986408 |
| 040 ## - مصدر الفهرسة | |
| وكالة الفهرسة الأصلية | DNLM/DLC |
| وكالة النسخ | DLC |
| وكالة التعديل | YDX |
| -- | NLM |
| -- | UKM |
| -- | BTCTA |
| -- | YDXCP |
| -- | CDX |
| -- | DLC |
| 042 ## - رمز التحقق | |
| رمز التحقق | pcc |
| 050 00 - رقم طلب مكتبة الكونجرس | |
| رقم التصنيف | QH581.2 |
| رقم المادة | .G53 2010 |
| 060 00 - رقم الطلب بالمكتبة الطبية الوطنية | |
| رقم التصنيف | 2010 K-455 |
| 060 10 - رقم الطلب بالمكتبة الطبية الوطنية | |
| رقم التصنيف | QU 350 |
| 082 00 - رقم تصنيف ديوى العشرى | |
| رقم التصنيف | 660.6 |
| رقم الطبعة | 22 |
| 100 1# - المدخل الرئيسى - إسم شخصى | |
| الإسم الشخصى | Gibson, Lorna J. |
| 9 (RLIN) | 12056 |
| 245 10 - بيان العنوان | |
| العنوان | Cellular materials in nature and medicine / |
| بيان المسئوليه,etc | Lorna J. Gibson, Michael F. Ashby, Brendan A. Harley. |
| 260 ## - PUBLICATION, DISTRIBUTION, ETC. (IMPRINT) | |
| مكان الناشر او الموزع | Cambridge ; |
| -- | New York : |
| اسم الناشر او الموزع | Cambridge University Press, |
| تاريخ النشر أو التوزيع | 2010. |
| 300 ## - الوصف المادى | |
| التعداد | x, 309 p., [14] p. of col. plates : |
| تفاصيل ماديه اخرى للوعاء | ill. ; |
| أبعاد الوعاء | 26 cm. |
| 504 ## - تبصرة ببليوجرافية | |
| تبصرة ببليوجرافية,الخ | Includes bibliographical references and index. |
| 505 8# - تبصرة محتويات-الفهرس | |
| تبصرة المحتويات المصاغة | Machine generated contents note: Part I. Background: 1. Introduction; 2. The materials of nature; 3. Structure and mechanics of cellular materials; Part II. Cellular Materials in Nature: 4. Honeycomb-like materials in nature; 5. Foam-like materials in nature; 6. Cellular structures in nature; 7. Property charts for natural cellular materials and their uses; Part III. Cellular Materials in Medicine: 8. Cellular solids as biomedical materials; 9. Interaction of biological cells with tissue engineering scaffolds. |
| 520 ## - التبصرة الخاصة بالتعليق أو التلخيص | |
| ملخص,الخ | "Bringing to life the fascinating structures and unique mechanics of natural and biomedical cellular materials, this book is an expert guide to the subject for graduates and researchers. Arranged in three parts, it begins with a review of the mechanical properties of nature's building blocks (structural proteins, polysaccharides and minerals) and the mechanics of cellular materials. Part II then describes a wide range of cellular materials in nature: honeycomb-like materials such as wood and cork; foam-like materials including trabecular bone, plant parenchyma, coral and sponge; and composites of cellular and dense materials such as iris leaves, skulls, palm, bamboo, animal quills and plant stems. Images convey the structural similarities of different materials, whilst color property charts provide mechanical data. Part III discusses biomedical applications of cellular materials: metal foams for orthopedic applications and porous scaffolds for regenerating tissues, including the effect of scaffold properties on cell behavior"--Provided by publisher. |
| 650 #0 - المدخل الاضافى بالموضوع-مصطلح موضوعى | |
| مصطلح موضوعي أو اسم جغرافي كعنصر مدخل | Cytology. |
| 650 #0 - المدخل الاضافى بالموضوع-مصطلح موضوعى | |
| مصطلح موضوعي أو اسم جغرافي كعنصر مدخل | Biomedical materials. |
| 650 #0 - المدخل الاضافى بالموضوع-مصطلح موضوعى | |
| مصطلح موضوعي أو اسم جغرافي كعنصر مدخل | Foamed materials. |
| 9 (RLIN) | 12057 |
| 650 12 - المدخل الاضافى بالموضوع-مصطلح موضوعى | |
| مصطلح موضوعي أو اسم جغرافي كعنصر مدخل | Cellular Structures. |
| 9 (RLIN) | 12058 |
| 650 22 - المدخل الاضافى بالموضوع-مصطلح موضوعى | |
| مصطلح موضوعي أو اسم جغرافي كعنصر مدخل | Biocompatible Materials. |
| 9 (RLIN) | 5007 |
| 700 1# - المدخل الاضافى - اسم شخصى | |
| الإسم الشخصى | Ashby, M. F. |
| 9 (RLIN) | 12059 |
| 700 1# - المدخل الاضافى - اسم شخصى | |
| الإسم الشخصى | Harley, Brendan A. |
| 9 (RLIN) | 12060 |
| 942 ## - عناصر المدخل الإضافي( كوها) | |
| مصدر التصنيف او مخطط الترفيف | Dewey Decimal Classification |
| Koha [default] item type | كتاب |
| حالة الفقد | نموذج السعر الفعال | حالة تلف | ليس للاعارة | رقم الطلب | تاريخ الاكتساب | الموقع الحالي | الباركود | الفرع الرئيسي | Date last seen | نوع المادة فى نظام كوها | مصدر التصنيف او خطة الترفيف | Total Checkouts |
|---|---|---|---|---|---|---|---|---|---|---|---|---|
| 2013-03-10 | 660.6 G L C | 2012-04-27 | المكتبة المركزية بالمجمعة (CL) | 00085801 | المكتبة المركزية بالمجمعة (CL) | 2013-03-10 | كتاب | Dewey Decimal Classification | ||||
| 2013-03-10 | 660.6 G L C | 2012-04-27 | المكتبة المركزية بالمجمعة (CL) | 00085802 | المكتبة المركزية بالمجمعة (CL) | 2013-03-10 | كتاب | Dewey Decimal Classification |
